000 01380nam a2200241Ii 4500
003 JO-AjNU
005 20240626120423.0
008 230605s9999||||xx |||||||||||||| ||und||
040 _aJO-AjNU
_bara
_erda
_cJO-AjNU
041 _aara
050 1 4 _aHJ9741 2021
100 1 _aرشايدة، هناء زهير ابراهيم
_eمعد
_965688
245 0 0 _aدور نظام ادارة المعلومات المالية الحكومية الجانب التنفيذي في تعزيز الرقابة الداخلية دراسة تطبيقية على وزارة المالية الاردنية = The Role of the Government Financial Management Information System (GFMIS)-the Executive Side-in Enhancing Internal Control : An applied study at the Jordanian Ministry of Finance /
_cاعداد هناء زهير ابراهيم رشايدة؛ اشراف مأمون محمد احمد القضاة
264 3 1 _a 2017
300 _a85 ورقة
336 _atext
_btxt
_2rdacontent
337 _aunmediated
_bn
_2rdamedia
338 _avolume
_bnc
_2rdacarrier
500 _aرسالة جامعية(اطروحة ماجستير) جامعة عجلون الوطنية: كلية ادارة الاعمال، تخصص المحاسبة، 2020
650 4 _aالمحاسبة الحكومية-الاردن
_961197
700 1 _aالقضاة، مأمون محمد
_965625
_eمشرف
942 _2lcc
_cTHS
999 _c31213
_d31213